[Event "Vaujany op 3rd"]
[Site "Vaujany"]
[Date "2012.07.19"]
[Round "8"]
[White "Mahiouz, Oualid"]
[Black "Haver, Bas"]
[Result "1/2-1/2"]
[WhiteElo "2096"]
[BlackElo "2021"]
[PlyCount "77"]
[EventDate "2012.07.12"]
[EventType "swiss"]
[EventRounds "9"]
[EventCountry "FRA"]
[SourceTitle "CBM 149 Extra"]
[Source "ChessBase"]
[SourceDate "2012.08.24"]
[SourceVersion "1"]
[SourceVersionDate "2012.08.24"]
[SourceQuality "1"]

1. d4 d5 2. Nf3 c5 3. c4 e6 4. Nc3 Nc6 5. cxd5 exd5 6. g3 Nf6 7. Bg2 Be7 8. 0-0 0-0 9. Na4 c4 10. Nc3 Re8 11. Ne5 Bf5 12. Bg5 Rc8 13. Rc1 Ne4 14. Nxe4 Bxg5 15. Nxg5 Qxg5 16. Bxd5 Nxe5 17. dxe5 Red8 18. Qd4 b5 19. e4 Be6 20. f4 Qg4 21. Qd1 Qxd1 22. Rfxd1 Bg4 23. Re1 Rd7 24. Re3 Be6 25. b3 Bxd5 26. exd5 Rxd5 27. bxc4 bxc4 28. Rec3 Kf8 29. Rxc4 Rxc4 30. Rxc4 Rd1+ 31. Kf2 Rd2+ 32. Kf3 Rxa2 33. f5 a5 34. h4 Ra1 35. Rc8+ Ke7 36. Rc7+ Ke8 37. e6 fxe6 38. Rxg7 exf5 39. Rxh7 1/2-1/2

[Event "Vaujany op 3rd"]
[Site "Vaujany"]
[Date "2012.07.16"]
[Round "5"]
[White "Petrone, Gianmario"]
[Black "Mahiouz, Oualid"]
[Result "1/2-1/2"]
[WhiteElo "1930"]
[BlackElo "2096"]
[PlyCount "128"]
[EventDate "2012.07.12"]
[EventType "swiss"]
[EventRounds "9"]
[EventCountry "FRA"]
[SourceTitle "CBM 149 Extra"]
[Source "ChessBase"]
[SourceDate "2012.08.24"]
[SourceVersion "1"]
[SourceVersionDate "2012.08.24"]
[SourceQuality "1"]

1. e4 c5 2. Nf3 e6 3. d4 cxd4 4. Nxd4 a6 5. Nc3 Qc7 6. Bd3 Nc6 7. Be3 Nf6 8. 0-0 d6 9. f4 Nxd4 10. Bxd4 e5 11. Be3 b5 12. Kh1 b4 13. Nd5 Nxd5 14. exd5 f6 15. a3 Bb7 16. Be4 Qc4 17. Qh5+ Ke7 18. Qf3 Kf7 19. b3 Qc3 20. axb4 Qxb4 21. Ra4 Qb5 22. Bd3 Qd7 23. Qh5+ g6 24. Bxg6+ hxg6 25. Qxh8 Bg7 26. Qh4 Bxd5 27. Qg3 f5 28. Rd1 Qc6 29. Rb4 exf4 30. Bxf4 a5 31. Ra4 Qxc2 32. Rc1 Qxb3 33. Ra3 Qxg3 34. Rxg3 Be5 35. Rc7+ Ke8 36. Bxe5 dxe5 37. Rxg6 a4 38. Rh7 Rb8 39. Rh8+ Kf7 40. Rxb8 Kxg6 41. Rb5 Bb3 42. Rxe5 a3 43. Ra5 a2 44. Kg1 Kg5 45. Kf2 Kf4 46. g3+ Kg4 47. h4 f4 48. gxf4 Kxh4 49. Kf3 Bd1+ 50. Ke3 Bb3 51. Kd4 Kg4 52. Ke5 Bc4 53. Ra7 Bb3 54. f5 Bf7 55. Kf6 Bb3 56. Ke5 Bf7 57. f6 Kg5 58. Ra3 Bb3 59. Ra5 Kg6 60. Ra7 Bf7 61. Ra6 Bc4 62. Ra4 Kg5 63. Kd4 Bf7 64. Ra6 a1Q+ 1/2-1/2

[Event "FRA-ch U18"]
[Site "Troyes"]
[Date "2010.04.12"]
[Round "3"]
[White "Buscara, Sevan"]
[Black "Mahiouz, Oualid"]
[Result "1-0"]
[WhiteElo "2238"]
[BlackElo "2059"]
[PlyCount "55"]
[EventDate "2010.04.11"]
[EventType "swiss"]
[EventRounds "9"]
[EventCountry "FRA"]
[SourceTitle "EXT 2012"]
[Source "ChessBase"]
[SourceDate "2011.11.24"]
[SourceVersion "1"]
[SourceVersionDate "2011.11.24"]
[SourceQuality "1"]

1. d4 Nf6 2. Nf3 e6 3. Bf4 b6 4. e3 Bb7 5. Bd3 d6 6. h3 Nbd7 7. Qe2 Qe7 8. Ba6 Bxa6 9. Qxa6 e5 10. Bg5 exd4 11. Nxd4 Nc5 12. Qb5+ Qd7 13. Bxf6 gxf6 14. Nc3 Qxb5 15. Ndxb5 Kd7 16. 0-0-0 c6 17. Nd4 Kc7 18. b4 Ne6 19. b5 Nxd4 20. Rxd4 Rg8 21. g4 Rg5 22. bxc6 Kxc6 23. Rhd1 Ra5 24. a4 Rd8 25. R1d3 d5 26. e4 Bc5 27. exd5+ Kc7 28. Rf4 1-0

[Event "FRA-ch U18"]
[Site "Aix les Bains"]
[Date "2009.04.20"]
[Round "2"]
[White "Mahiouz, Oualid"]
[Black "Massoni, Michael"]
[Result "1/2-1/2"]
[WhiteElo "1989"]
[BlackElo "2272"]
[PlyCount "123"]
[EventDate "2009.04.19"]
[EventType "swiss"]
[EventRounds "9"]
[EventCountry "FRA"]
[SourceTitle "CBM 130 Extra"]
[Source "ChessBase"]
[SourceDate "2009.07.02"]
[SourceVersion "2"]
[SourceVersionDate "2009.07.15"]
[SourceQuality "1"]

1. e4 c5 2. Nc3 d6 3. f4 Nc6 4. Nf3 g6 5. Bc4 Bg7 6. 0-0 Nf6 7. d3 0-0 8. Qe1 Nd4 9. Nxd4 cxd4 10. Nd5 Nxd5 11. Bxd5 e6 12. Bb3 Qc7 13. Qg3 Bh8 14. Bd2 Bd7 15. a4 a5 16. Qe1 b6 17. h4 Bf6 18. g4 h5 19. g5 Bg7 20. Rc1 Rac8 21. c4 Bc6 22. Bd1 Qd7 23. b3 d5 24. Bf3 dxe4 25. Bxe4 Rfe8 26. Qe2 Bxe4 27. Qxe4 Rc5 28. Rce1 Rf5 29. Bc1 Qd6 30. Re2 e5 31. Qf3 Re6 32. Re4 Qb4 33. Qd1 Qc5 34. Qc2 Kh7 35. Rf3 Qe7 36. Kf2 Qb4 37. Qd1 Qe7 38. Qe2 f6 39. Bb2 fxg5 40. fxg5 Qf7 41. Ba3 Kg8 42. Bc1 Re8 43. Kg2 Rf8 44. Ba3 Rd8 45. Qf2 Kh7 46. Re1 Bf8 47. Bc1 Bd6 48. Rf1 Rf8 49. Qe2 Qb7 50. Qe4 Qxe4 51. dxe4 Rxf3 52. Rxf3 Rxf3 53. Kxf3 Kg7 54. Ke2 Kf7 55. Bd2 Ke6 56. Kd3 Ba3 57. c5 Bxc5 58. Be1 Kd6 59. Kc4 Ba3 60. Bf2 Bc1 61. Bg3 Bf4 62. Bxf4 1/2-1/2

[Event "Val Thorens op"]
[Site "Val Thorens"]
[Date "2009.??.??"]
[Round "8"]
[White "Ban, Daniel Peter"]
[Black "Mahiouz, Oualid"]
[Result "0-1"]
[WhiteElo "1875"]
[BlackElo "2021"]
[PlyCount "46"]
[EventDate "2009.07.18"]
[EventType "swiss"]
[EventRounds "9"]
[EventCountry "FRA"]
[SourceTitle "CBM 131 Extra"]
[Source "ChessBase"]
[SourceDate "2009.09.03"]
[SourceVersion "2"]
[SourceVersionDate "2009.09.16"]
[SourceQuality "1"]

1. e4 c5 2. Nf3 e6 3. d4 cxd4 4. Nxd4 Nc6 5. Nc3 Qc7 6. Ndb5 Qb8 7. Be3 Nf6 8. f4 a6 9. Bb6 axb5 10. Nxb5 Ra6 11. Nc7+ Ke7 12. Bc5+ Kd8 13. Nxa6 bxa6 14. Bxf8 Rxf8 15. e5 Nd5 16. g3 Qxb2 17. Kf2 Qb6+ 18. Ke1 Qe3+ 19. Be2 Bb7 20. Qd2 Nd4 21. Rf1 Nxe2 22. Qxe2 Qc3+ 23. Kf2 Qd4+ 0-1

[Event "Val Thorens op"]
[Site "Val Thorens"]
[Date "2009.??.??"]
[Round "4"]
[White "Schmidt, Raul"]
[Black "Mahiouz, Oualid"]
[Result "1-0"]
[WhiteElo "2377"]
[BlackElo "2021"]
[PlyCount "91"]
[EventDate "2009.07.18"]
[EventType "swiss"]
[EventRounds "9"]
[EventCountry "FRA"]
[SourceTitle "CBM 131 Extra"]
[Source "ChessBase"]
[SourceDate "2009.09.03"]
[SourceVersion "2"]
[SourceVersionDate "2009.09.16"]
[SourceQuality "1"]

1. Nf3 Nf6 2. c4 e6 3. Nc3 c5 4. g3 Nc6 5. Bg2 Be7 6. 0-0 0-0 7. d4 cxd4 8. Nxd4 Qb6 9. Nc2 Ne5 10. b3 Rd8 11. h3 d5 12. cxd5 exd5 13. Be3 Qa5 14. b4 Bxb4 15. Nxb4 Qxb4 16. Bd4 Qe7 17. Qb3 Nc6 18. Bxf6 Qxf6 19. Nxd5 Qh6 20. Kh2 Rb8 21. Rac1 Be6 22. e4 Qd2 23. Qa3 Qa5 24. Qxa5 Nxa5 25. Rc5 Nc6 26. Rxc6 Bxd5 27. Rc2 Bc6 28. e5 Bxg2 29. Kxg2 Rd7 30. Rfc1 Kf8 31. Rc8+ Rxc8 32. Rxc8+ Ke7 33. g4 Rd8 34. Rc3 g5 35. h4 h6 36. h5 Rd5 37. Rc7+ Rd7 38. Rxd7+ Kxd7 39. f4 f6 40. exf6 Ke6 41. fxg5 hxg5 42. Kf3 Kxf6 43. Ke4 Ke6 44. Kd4 b6 45. Kc4 a6 46. Kd4 1-0

[Event "Chambery op 13th"]
[Site "Chambery"]
[Date "2007.07.28"]
[Round "1"]
[White "Estremera Panos, Sergio"]
[Black "Mahiouz, Oualid"]
[Result "1/2-1/2"]
[WhiteElo "2375"]
[BlackElo "1974"]
[PlyCount "87"]
[EventDate "2007.07.28"]
[EventType "swiss"]
[EventRounds "9"]
[EventCountry "FRA"]
[SourceTitle "CBM 119 Extra"]
[Source "ChessBase"]
[SourceDate "2007.09.04"]
[SourceVersion "1"]
[SourceVersionDate "2007.09.04"]
[SourceQuality "1"]

1. d4 Nf6 2. c4 c5 3. d5 e6 4. Nc3 exd5 5. cxd5 d6 6. e4 g6 7. h3 Bg7 8. Nf3 0-0 9. Bd3 b5 10. 0-0 a6 11. a3 Bb7 12. Re1 Nbd7 13. Be3 Re8 14. b4 c4 15. Bc2 Nh5 16. Qd2 Ne5 17. Nxe5 dxe5 18. a4 Qd7 19. Ra2 Bf8 20. Bc5 Bxc5 21. bxc5 b4 22. Rb2 bxc3 23. Qxc3 Qe7 24. Qxc4 Nf4 25. h4 Bc8 26. g3 Nh3+ 27. Kg2 Qf6 28. Qe2 g5 29. Rb6 Qe7 30. d6 Qd7 31. Qh5 Re6 32. hxg5 Rg6 33. Rh1 Nxg5 34. Bb3 Bb7 35. Rxb7 Qxb7 36. Bd5 Qa7 37. c6 Rc8 38. c7 Rxc7 39. dxc7 Qxc7 40. Rb1 Qc2 41. Qd1 Qc8 42. Qh5 Qc2 43. Qd1 Qc8 44. Qh5 1/2-1/2

[Event "Val Thorens op 33th"]
[Site "Val Thorens"]
[Date "2007.07.22"]
[Round "9"]
[White "Pucher, Sebastien"]
[Black "Mahiouz, Oualid"]
[Result "1/2-1/2"]
[WhiteElo "2238"]
[BlackElo "1974"]
[PlyCount "129"]
[EventDate "2007.07.14"]
[EventType "swiss"]
[EventRounds "9"]
[EventCountry "FRA"]
[SourceTitle "EXT 2010"]
[Source "ChessBase"]
[SourceDate "2010.11.25"]
[SourceVersion "1"]
[SourceVersionDate "2010.11.25"]
[SourceQuality "1"]

1. d4 Nf6 2. c4 c5 3. Nf3 e6 4. Nc3 cxd4 5. Nxd4 d5 6. g3 e5 7. Nc2 d4 8. Nb1 Bg4 9. Bg2 Nc6 10. 0-0 Qb6 11. h3 Bh5 12. Ne1 Be7 13. Nd3 Rd8 14. Nd2 0-0 15. Bxc6 Qxc6 16. g4 Bxg4 17. Nxe5 Qe6 18. Nxg4 Nxg4 19. Nf3 Nf6 20. Kg2 Qxc4 21. Qd3 Qd5 22. Bf4 Bd6 23. Bg5 Be7 24. Rfd1 Nh5 25. Bd2 Rd6 26. Rg1 Rfd8 27. b3 Nf6 28. Bf4 Rc6 29. Rad1 Ra6 30. Qxd4 Rxa2 31. Qe3 Qe4 32. Rxd8+ Bxd8 33. Qxe4 Nxe4 34. Rc1 Kf8 35. Rc8 Ke7 36. Rb8 Nc5 37. b4 Ne6 38. Rxb7+ Kf6 39. Be3 a6 40. Bd2 Rc2 41. Ra7 Rc6 42. Rxf7+ Kxf7 43. Ne5+ Kf6 44. Nxc6 Bc7 45. Bc3+ Kg6 46. e3 Ng5 47. f3 Kf7 48. e4 g6 49. Ne5+ Ke7 50. Nd3 Ne6 51. Bd2 Kd7 52. f4 Kc6 53. f5 gxf5 54. exf5 Nd4 55. f6 Bd6 56. Nc5 a5 57. f7 axb4 58. Bxb4 Nc2 59. Ne6 Nxb4 60. f8Q Bxf8 61. Nxf8 Nd5 62. Kf3 Nf6 63. Kf4 Kd6 64. Kg5 Ke7 65. Nxh7 1/2-1/2

[Event "France-ch U12"]
[Site "Reims"]
[Date "2004.04.20"]
[Round "4"]
[White "Mahiouz, Oualid"]
[Black "Massoni, Michael"]
[Result "0-1"]
[WhiteElo "1860"]
[BlackElo "1990"]
[PlyCount "100"]
[EventDate "2004.04.??"]
[EventType "swiss"]
[EventRounds "9"]
[EventCountry "FRA"]
[SourceTitle "EXT 2005"]
[Source "ChessBase"]
[SourceDate "2004.11.15"]
[SourceVersion "1"]
[SourceVersionDate "2004.11.15"]
[SourceQuality "1"]

1. e4 c5 2. Nf3 d6 3. d4 cxd4 4. Nxd4 Nf6 5. Nc3 a6 6. Be3 Ng4 7. Bg5 h6 8. Bh4 g5 9. Bg3 Bg7 10. Be2 h5 11. h4 Nc6 12. Nb3 gxh4 13. Rxh4 Bf6 14. Rh1 Be6 15. Bh4 Qb6 16. Bxg4 hxg4 17. g3 Qb4 18. Qd2 Bxc3 19. Qxc3 Qxe4+ 20. Kd2 Ne5 21. Rae1 Qf5 22. Nd4 Qxf2+ 23. Re2 Qxd4+ 24. Qxd4 Nf3+ 25. Kd3 Nxd4 26. Kxd4 Kd7 27. Rhe1 Rh5 28. c4 Rc5 29. b3 b5 30. cxb5 axb5 31. Rf1 b4 32. Rfe1 Rca5 33. Re4 Rxa2 34. Bg5 Rb2 35. R4e3 Ra3 36. Rf1 Raxb3 37. Rxb3 Rxb3 38. Bf4 Rf3 39. Ra1 Ra3 40. Rc1 Ra7 41. Bd2 b3 42. Bc3 Rb7 43. Rb1 Bf5 44. Rb2 e5+ 45. Kd5 Be6+ 46. Ke4 f5+ 47. Ke3 Rc7 48. Kd2 f4 49. gxf4 exf4 50. Ke2 Rxc3 0-1

[Event "FRA-ch op-B"]
[Site "Aix les Bains"]
[Date "2003.08.23"]
[Round "5"]
[White "Scozzesi, Francois"]
[Black "Mahiouz, Oualid"]
[Result "1-0"]
[WhiteElo "1880"]
[BlackElo "1680"]
[PlyCount "60"]
[EventDate "2003.08.19"]
[EventType "swiss"]
[EventRounds "9"]
[EventCountry "FRA"]
[SourceTitle "EXT 2004"]
[Source "ChessBase"]
[SourceDate "2003.11.25"]
[SourceVersion "1"]
[SourceVersionDate "2003.11.25"]
[SourceQuality "1"]

1. e4 c5 2. b4 cxb4 3. Bb2 d5 4. exd5 Qxd5 5. d4 Nc6 6. c4 bxc3 7. Nxc3 Qd8 8. d5 Ne5 9. f4 Ng6 10. Nf3 Nf6 11. Rc1 a6 12. Qb3 Bd7 13. a4 Nxf4 14. Ne5 e6 15. Nxd7 Qxd7 16. Nb5 N4xd5 17. Bxf6 gxf6 18. Be2 Bb4+ 19. Kf2 Ke7 20. Nc7 Bc5+ 21. Rxc5 Nxc7 22. Rd1 Nd5 23. Bf3 b6 24. Rcxd5 exd5 25. Rxd5 Qe6 26. Qb4+ Ke8 27. Rd2 Qc8 28. Re2+ Qe6 29. Rxe6+ fxe6 30. Bxa8 Kf7 1-0

[Event "FRA-ch U10"]
[Site "Hyeres"]
[Date "2002.??.??"]
[Round "6.2"]
[White "Delivre, Raphael"]
[Black "Mahiouz, Oualid"]
[Result "1-0"]
[WhiteElo "1780"]
[BlackElo "1430"]
[PlyCount "127"]
[EventDate "2002.04.05"]
[EventType "swiss"]
[EventRounds "9"]
[EventCountry "FRA"]
[SourceTitle "EXT 2003"]
[Source "ChessBase"]
[SourceDate "2002.11.25"]
[SourceVersion "1"]
[SourceVersionDate "2002.11.25"]
[SourceQuality "1"]

1. e4 c5 2. Nf3 e6 3. d4 cxd4 4. Nxd4 Nc6 5. Nc3 Nf6 6. Be3 Bb4 7. Bd3 d5 8. Nxc6 bxc6 9. exd5 cxd5 10. 0-0 d4 11. Bb5+ Bd7 12. Bxd7+ Qxd7 13. Qxd4 Qxd4 14. Bxd4 0-0 15. Rad1 Bxc3 16. Bxc3 Nd5 17. Bd4 a6 18. c4 Nf4 19. Rfe1 Rac8 20. g3 Ng6 21. Rc1 Rfd8 22. Be3 Ne5 23. Red1 Rxd1+ 24. Rxd1 Nxc4 25. Rc1 Nd6 26. Rxc8+ Nxc8 27. Bc5 f5 28. b4 Kf7 29. f4 Kf6 30. a4 g5 31. a5 gxf4 32. gxf4 e5 33. fxe5+ Kxe5 34. b5 axb5 35. a6 f4 36. a7 Nxa7 37. Bxa7 b4 38. Bc5 b3 39. Ba3 Ke4 40. Kf2 f3 41. Bc1 h6 42. h3 h5 43. h4 b2 44. Bxb2 Kf4 45. Bf6 Kf5 46. Bg5 Ke4 47. Bc1 Kf5 48. Kxf3 Kg6 49. Kf4 Kf6 50. Ke4 Ke6 51. Bg5 Kf7 52. Kf5 Kg7 53. Bc1 Kf7 54. Kg5 Kg7 55. Kxh5 Kh7 56. Kg5 Kg7 57. h5 Kh7 58. h6 Kg8 59. Kg6 Kh8 60. Bb2+ Kg8 61. h7+ Kf8 62. Kf6 Ke8 63. Ke6 Kf8 64. h8Q# 1-0

[Event "FRA-ch U10"]
[Site "Hyeres"]
[Date "2002.??.??"]
[Round "3.4"]
[White "Mahiouz, Oualid"]
[Black "Tosello, Mickael"]
[Result "1/2-1/2"]
[WhiteElo "1430"]
[BlackElo "1660"]
[PlyCount "118"]
[EventDate "2002.04.05"]
[EventType "swiss"]
[EventRounds "9"]
[EventCountry "FRA"]
[SourceTitle "EXT 2003"]
[Source "ChessBase"]
[SourceDate "2002.11.25"]
[SourceVersion "1"]
[SourceVersionDate "2002.11.25"]
[SourceQuality "1"]

1. d4 d5 2. Nf3 Nf6 3. c3 e6 4. Bg5 Nbd7 5. Nbd2 Be7 6. e3 c5 7. Bb5 cxd4 8. cxd4 a6 9. Ba4 0-0 10. 0-0 b5 11. Bc2 Bb7 12. Qe2 Rc8 13. Rac1 h6 14. Bh4 Ba8 15. e4 Nxe4 16. Bxe7 Qxe7 17. Nxe4 dxe4 18. Bxe4 Bxe4 19. Qxe4 Nf6 20. Qe3 Nd5 21. Qb3 Rfd8 22. h3 Qb4 23. Qxb4 Nxb4 24. a3 Nd5 25. Rc5 Nf4 26. Rxc8 Rxc8 27. Rd1 f6 28. Rd2 Kf7 29. Kh2 Ke7 30. Kg3 g5 31. h4 Kd6 32. hxg5 hxg5 33. Kh2 Rh8+ 34. Kg1 Rc8 35. g3 Nd5 36. Kg2 Rc4 37. Kh3 a5 38. Rd3 Rc2 39. Rd2 Rxd2 40. Nxd2 b4 41. Nc4+ Kc6 42. Nxa5+ Kb5 43. Nb3 bxa3 44. bxa3 Kc4 45. Nc5 e5 46. dxe5 Kxc5 47. exf6 Nxf6 48. f4 gxf4 49. gxf4 Kb5 50. Kh4 Ka4 51. Kg5 Nd7 52. Kf5 Kxa3 53. Ke6 Nc5+ 54. Kd5 Nd7 55. f5 Kb4 56. Kd6 Nf8 57. f6 Kc4 58. f7 Kd4 59. Ke7 Ng6+ 1/2-1/2